[Event "81st ARM-ch 1st League 2021"]
[Site "Yerevan"]
[Date "2021.01.22"]
[Round "1.1"]
[White "Mikaelyan, Arman"]
[Black "Sargsyan, Anna M."]
[Result "1-0"]
[WhiteElo "2485"]
[BlackElo "2402"]
[Annotator "TA"]
[PlyCount "97"]
[EventDate "2021.01.20"]
[EventType "tourn"]
[EventCountry "ARM"]
[SourceTitle "playchess.com"]
[Source "ChessBase"]
[SourceQuality "1"]

{[%evp 9,97,-10,-18,-16,-19,-24,-16,-16,-10,-21,-20,-13,-18,-42,0,0,0,0,0,0,0,0,0,0,0,0,0,-8,0,0,18,24,21,26,92,81,83,95,94,93,93,95,93,76,82,81,104,100,97,96,108,88,133,133,139,133,138,129,135,120,119,98,98,105,111,115,154,105,175,159,217,141,180,177,241,247,327,314,402,402,387,387,524,522,516,495,881,781,29964,29967]} 1. d4 {Roiz,M} d5 2. c4 c6 3. Nc3 Nf6 4. Nf3 dxc4 5. e4 b5 $1 6. Be2 {D15: Slav Defence: 4 Nc3 a6 and gambit lines after 4 Nc3 dxc4.} e6 7. O-O Bb7 {7...Bb7 is better than 7...Be7.} 8. b3 {The position is equal.} Bb4 9. e5 Bxc3 10. exf6 {[#]} Qxf6 $146 ({Don't take} 10... Bxa1 11. fxg7 Rg8 12. Bg5 $17) ({Predecessor:} 10... gxf6 11. Rb1 c5 12. bxc4 cxd4 13. Rxb5 Bc6 14. Rc5 Be4 15. Bd3 Bxd3 16. Qxd3 Na6 17. Rb5 Qd6 18. Nh4 Qc6 19. Ba3 Rc8 20. Qg3 Qxc4 21. Qd6 Bb4 22. Bxb4 {1-0 (22) Dubov,D (2701)-Postny,E (2579) Batumi 2018 CBM 184 [Roiz,M]}) 11. Rb1 O-O 12. bxc4 Nd7 13. Bg5 Qg6 14. Qc1 h6 15. Bxh6 Bxd4 16. Nxd4 Qxh6 17. cxb5 cxb5 18. Bxb5 Qxc1 19. Rfxc1 Ne5 20. Re1 $36 {[%mdl 2048] White has good play.} Ng6 21. Bc4 Rab8 {[#]} (21... Rfb8 $11 {keeps the balance.}) 22. Nxe6 $1 $16 fxe6 23. Rxe6 Rbc8 24. Re4+ Rxc4 25. Rxc4 Bd5 26. Rc7 Nf4 {[#]} 27. f3 $1 ({Of course not} 27. Rxa7 Nxg2 28. a4 Nf4 $11) 27... Re8 28. Rc2 ({But not} 28. Rxa7 $6 Re2 $11) 28... Re6 29. Rd1 {Threatens to win with g3.} Kh7 30. Kf2 {And now Rd4 would win.} Bc6 {White must now prevent ...Ba4.} 31. Rd4 Ng6 32. Re2 Rf6 33. Kg3 Kg8 34. Rd8+ Kh7 35. Rc8 a6 36. Rc7 Bb5 37. Re4 Bc6 38. Rg4 Bd5 (38... Rd6 $16 39. h4 Bd7) 39. h4 $18 {aiming for h5.} Kh6 (39... Rc6 $16 {might work better.} 40. Rxc6 Bxc6) 40. a3 Bf7 41. Ra7 Ne5 (41... Be8 {was called for.} 42. Rb4 Bb5) 42. Re4 Nd3 43. Ra4 Nc5 44. Ra5 Rf5 {[#]} 45. Rxf7 {[%mdl 512]} Ne4+ (45... Rxf7 46. Rxc5) 46. fxe4 Rxa5 47. Rf3 g5 (47... g6 $142 48. Kf4 Rc5) 48. hxg5+ Kxg5 49. Rf5+ {Weighted Error Value: White=0.05/Black=0.42} 1-0

[Event "81st ARM-ch 1st League 2021"]
[Site "Yerevan"]
[Date "2021.01.22"]
[Round "1.2"]
[White "Davtyan, Artur"]
[Black "Danielyan, Vahe"]
[Result "1-0"]
[WhiteElo "2466"]
[BlackElo "2357"]
[Annotator "TA"]
[PlyCount "39"]
[EventDate "2021.01.20"]
[EventType "tourn"]
[EventCountry "ARM"]
[SourceTitle "playchess.com"]
[Source "ChessBase"]
[SourceQuality "1"]

{[%evp 23,39,37,57,16,54,20,25,22,56,61,77,71,72,71,92,71,122,136]} 1. d4 Nf6 2. c4 c5 3. d5 g6 4. Nc3 Bg7 5. e4 d6 6. Bd3 O-O 7. Nge2 e6 8. O-O exd5 9. cxd5 Re8 10. Ng3 Nbd7 11. h3 a6 12. a4 Qc7 13. Re1 {A65: Modern Benoni: 6 e4.} h5 14. Bg5 Ne5 15. Be2 {White has an edge.} Nh7 16. Be3 h4 17. Nf1 {White is better.} f5 {[#]} 18. Nd2 $146 ({Predecessor:} 18. f4 Nf7 19. exf5 Bxf5 20. Bf2 Bf6 21. Ne3 Nh6 22. Ng4 Bxg4 23. Bxg4 Qg7 24. Be6+ {1-0 (33) Lacour,S (2165)-Garro,P (2181) France 2007}) 18... Bd7 19. Kh1 Re7 ({Black should try} 19... Nf6) 20. f4 {Weighted Error Value: White=0.14/Black=0.20} 1-0

[Event "81st ARM-ch 1st League 2021"]
[Site "Yerevan"]
[Date "2021.01.22"]
[Round "1.3"]
[White "Babujian, Levon"]
[Black "Hayrapetyan, Hovik"]
[Result "1/2-1/2"]
[WhiteElo "2440"]
[BlackElo "2488"]
[Annotator "TA"]
[PlyCount "207"]
[EventDate "2021.01.20"]
[EventType "tourn"]
[EventCountry "ARM"]
[SourceTitle "playchess.com"]
[Source "ChessBase"]
[SourceQuality "1"]

{[%evp 13,207,20,26,26,28,21,29,18,21,22,25,16,30,34,32,14,45,40,58,39,32,32,41,43,65,-27,-18,-19,0,0,33,10,10,10,6,4,10,3,12,6,16,16,22,20,21,12,29,12,14,6,16,6,31,31,31,31,31,31,31,31,33,33,33,33,88,88,88,87,400,251,251,243,229,64,64,64,64,64,64,64,64,64,64,64,64,64,64,64,64,64,64,64,64,64,64,64,64,64,64,64,64,64,64,64,64,64,64,53,53,53,53,36,36,36,36,36,57,36,44,36,64,64,64,36,64,36,64,57,64,64,64,57,57,36,36,0,0,0,0,0,0,0,0,0,0,0,0,0,0,0,0,0,0,0,0,0,0,0,0,0,0,0,0,0,0,0,0,0,0,0,0,0,0,0,0,0,0,0,0,0,0,0,0,0,0,0,0,0,0,0,0,0,0,0,0,0]} 1. d4 {Dautov,R} Nf6 2. c4 e6 3. Nc3 d5 4. Nf3 Be7 5. Bf4 O-O 6. e3 b6 {6...b6 is setting a new trend.} 7. Qc2 Bb7 8. Rd1 {D37: Queen's Gambit Declined: 5 Bf4.} Nbd7 9. cxd5 exd5 10. Bd3 {White has an edge.} c5 11. O-O c4 12. Bf5 g6 13. Bh3 a6 14. a4 Nh5 15. Bh6 Re8 16. Ne5 {[#]} Nxe5 $146 ({Predecessor:} 16... Nf8 17. f4 Ng7 18. f5 g5 19. f6 Bxf6 20. Qf2 {1-0 (20) Bareev,E (2702)-Vaganian,R (2623) New Delhi/Teheran 2000 CBM 081 [Dautov,R]}) 17. dxe5 Bc5 $1 {[#]} 18. Nxd5 $1 Bxd5 (18... Rxe5 19. Nf4) 19. e4 (19. Qc3 $1 $14) 19... Rxe5 $11 20. exd5 Qf6 {Strongly threatening ...g5.} 21. Be3 Nf4 22. Bxf4 (22. Qxc4 Nxh3+ 23. gxh3 Qf3 $17) 22... Qxf4 23. d6 Rd8 24. d7 b5 25. g3 Qf6 26. Qc3 {aiming for axb5.} Kg7 27. Rd2 Rh5 28. Qxf6+ Kxf6 29. Bg2 Re5 30. axb5 axb5 31. Bc6 Bb4 32. Rd4 Bc5 33. Rf4+ Ke6 34. Bxb5 Bxf2+ $1 35. R1xf2 Rxb5 $14 {[%mdl 4096] Endgame KRR-KRR} 36. Re2+ Re5 37. Rxe5+ Kxe5 38. Rxf7 {KR-KR} h5 (38... h6 $1 $14) 39. Kf2 Ke6 40. Rg7 Rh8 $2 {[%mdl 8192]} (40... Kf6 $16 {is tougher.} 41. Rh7 g5) 41. Ke3 $18 Rb8 42. Kd4 ({Less strong is} 42. Rxg6+ Kxd7 43. h4 Rxb2 $14) 42... Rxb2 {[#]} 43. d8=N+ $2 $14 {KRN-KR} ({Don't play} 43. Kxc4 $6 Rd2 $16) (43. Kc3 $1 $18 Rb8 44. Kxc4 (44. Rxg6+ Kxd7 45. Kxc4 h4 $11)) 43... Kf5 44. Rf7+ Kg4 45. Rf4+ Kh3 46. Rh4+ Kg2 47. Ne6 (47. Kc3 {feels hotter.} Re2 48. Nf7 Re1 49. Nh8 Rc1+ 50. Kb4) 47... Kh1 $1 48. Kxc4 {Black must now prevent Kd4.} Rxh2 49. Nf4 Kg1 $1 50. Nxg6 {Nf4 is the strong threat.} Kg2 51. g4 hxg4 52. Rxg4+ Kf3 53. Rd4 Ra2 54. Ne5+ Ke3 55. Rd8 Ra4+ 56. Kc3 Ra3+ 57. Kb4 Ra7 58. Nc4+ Ke4 59. Kc3 Ra1 60. Re8+ (60. Rd4+ {is interesting.} Kf5 61. Kb4 Ke6 62. Rd6+ Ke7 63. Rd2) 60... Kd5 61. Re5+ Kc6 62. Ne3 Ra4 63. Rh5 Rf4 64. Nc2 Kd6 65. Nd4 Rf1 66. Nb5+ (66. Kc4 {with more complications.} Kc7 67. Rh7+ Kd6 68. Nb5+ Kc6 69. Rh6+) 66... Ke6 67. Kc4 Rc1+ 68. Nc3 Rf1 69. Kd4 Rf5 70. Rh1 Ra5 71. Rh6+ Kd7 72. Ne4 Ra1 73. Kd5 Rd1+ 74. Ke5 Re1 {The position is equal.} 75. Rd6+ Kc7 76. Rd2 $1 Kc6 77. Rc2+ Kb6 78. Kd5 Rh1 79. Nf6 Rd1+ 80. Ke5 Kb5 (80... Ka5 {with more complications.} 81. Nd5 Rg1 82. Ra2+ Kb5 83. Kf4 Rg7) 81. Nd5 {Threatening mate with Nc3+.} Rh1 82. Ne3 Rh5+ 83. Nf5 Kb4 84. Rc1 Kb5 85. Ke4 Kb4 86. Nd6 Rh4+ 87. Kd5 Rh5+ 88. Kd4 Rh4+ 89. Ne4 Kb5 90. Rg1 Kb6 91. Rg6+ Kb5 92. Rf6 (92. Ke5 {keeps more tension.} Rh5+ 93. Kd4 Kb4 94. Ke3 Rh3+ 95. Kd2) 92... Kb4 93. Rb6+ Ka5 94. Rb1 Ka6 95. Kd5 Rh5+ 96. Kc6 (96. Kc4 {with more complications.} Ka7 97. Ra1+ Kb6 98. Ra3 Kb7 99. Rf3) 96... Rh6+ 97. Nd6 {[%cal Rb1a1]} (97. Nf6 {seems wilder.} Ka5 98. Ra1+ Kb4 99. Kd6 Kb3 100. Kd7) 97... Ka5 98. Kc5 {[%cal Rb1a1]} (98. Ra1+ {is more complex.} Kb4 99. Ra7 Rh5 100. Nb7 Rh6+ 101. Kd5) 98... Rh5+ 99. Kd4 Rh4+ 100. Ne4 Ka6 101. Rb4 Ka7 102. Kc5 Rh5+ 103. Kc6 Rh6+ 104. Nd6 {Weighted Error Value: White=0.08/Black=0.16} 1/2-1/2

[Event "81st ARM-ch 1st League 2021"]
[Site "Yerevan"]
[Date "2021.01.22"]
[Round "1.4"]
[White "Barseghyan, Armen Ar."]
[Black "Gharibyan, Mamikon"]
[Result "0-1"]
[WhiteElo "2362"]
[BlackElo "2432"]
[Annotator "TA"]
[PlyCount "80"]
[EventDate "2021.01.20"]
[EventType "tourn"]
[EventCountry "ARM"]
[SourceTitle "playchess.com"]
[Source "ChessBase"]
[SourceQuality "1"]

{[%evp 14,80,-10,-24,0,-25,0,-9,-9,-14,0,14,79,47,104,22,15,0,7,-24,0,-16,-5,-60,-31,-79,-68,-80,-77,-86,-70,-76,-90,-73,-90,-70,0,-108,-108,-100,-101,-135,-131,-118,0,-1567,-1527,-1779,-737,-715,-701,-759,-759,-737,-734,-789,-812,-990,-985,-985,-984,-1143,-1056,-1293,-1275,-1217,-1186,-1027,-1015]} 1. e4 e5 2. Nf3 Nc6 3. d4 exd4 4. Nxd4 Nf6 5. Nxc6 bxc6 6. e5 Qe7 7. Qe2 Nd5 8. h4 a5 {8...Qe6 is becoming the main line. C45: Scotch Game.} 9. c4 {[#]} Ba6 $1 10. g3 {[#]} (10. b3 a4) 10... g6 $1 {The position is equal.} 11. h5 {[#]} Bg7 $1 12. f4 {[#]} (12. hxg6 hxg6) 12... gxh5 $146 (12... f6 $11) ({Predecessor:} 12... O-O 13. hxg6 hxg6 14. Qh2 Rfe8 15. cxd5 Bxf1 16. Kxf1 cxd5 17. Nc3 c6 18. Be3 d6 {1-0 (27) Sukandar,I (2413)-Abdisalimov,A (2392) Chess.com INT 2020}) 13. Nd2 $16 a4 14. Qe4 ({White should play} 14. Ne4 $16) 14... Nb6 $1 $11 15. b3 d5 16. Qe3 f6 {[%cal Rf6e5]} 17. Bb2 fxe5 18. fxe5 ({Better is} 18. Rxh5 $11 Bc8 19. cxd5) 18... a3 19. Bc3 c5 $36 {[%mdl 2048] Hoping for ...d4. Black is pushing.} 20. cxd5 ({Don't blunder} 20. Rxh5 $2 d4 $19) 20... Nxd5 21. Qf3 {[%mdl 64] Double Attack} Bb7 22. Qxh5+ ({Avoid the trap} 22. Rxh5 $2 O-O-O $17) 22... Kd8 23. Bg2 {Strongly threatening Nc4.} Nxc3 24. Bxb7 Bxe5 (24... Ra7 $15 25. Bf3 Qxe5+ 26. Qxe5 Bxe5) 25. Kf2 (25. Kf1 $11 {remains equal.} Ra7 26. Re1 Rxb7 27. Rxe5 {[%mdl 64] Double Attack}) 25... Rb8 26. Bf3 {Rae1 is the strong threat.} Rg8 27. g4 Bd4+ 28. Kg2 {[#]} Qe3 (28... Rb6 $1 $17 {aiming for ...Qe3.} 29. Qxh7 Qe6 30. Qh4+ Bf6) 29. Qf7 $2 {[%mdl 8192]} Qxd2+ $19 {[%mdl 64] Double Attack. Black is clearly winning.} 30. Kh3 Qh6+ 31. Kg2 Qg6 32. Rxh7 Qxf7 33. Rxf7 Rb6 34. Re1 Re8 35. Rxe8+ Kxe8 36. Rxc7 Nxa2 37. Ra7 Rxb3 38. Bd5 Rb2+ 39. Kf3 Nb4 40. Bf7+ Kf8 {Weighted Error Value: White=0.68/Black=0.30} 0-1

[Event "81st ARM-ch 1st League 2021"]
[Site "Yerevan"]
[Date "2021.01.22"]
[Round "1.5"]
[White "Yeremyan, Alen"]
[Black "Ohanyan, Emin"]
[Result "1-0"]
[WhiteElo "2274"]
[BlackElo "2255"]
[Annotator "TA"]
[PlyCount "67"]
[EventDate "2021.01.20"]
[EventType "tourn"]
[EventCountry "ARM"]
[SourceTitle "playchess.com"]
[Source "ChessBase"]
[SourceQuality "1"]

{[%evp 10,67,0,-17,-10,-29,5,3,25,26,22,25,35,20,18,17,25,33,27,4,5,-1,0,0,0,0,0,0,0,0,0,0,0,-14,-12,-13,8,11,10,10,25,16,59,30,116,114,175,177,169,165,159,170,283,283,360,356,356,356,675,667]} 1. Nf3 Nf6 2. g3 g6 3. Bg2 Bg7 4. O-O O-O 5. d3 d5 6. Nc3 Re8 {A07: Réti Opening: New York and Capablanca Systems.} 7. e4 dxe4 (7... d4 $5 {[%cal Rd4c3]} 8. Ne2 e5 $11) 8. dxe4 Qxd1 {The position is equal.} 9. Rxd1 {[#]} Na6 $146 ({Predecessor:} 9... c6 10. h3 Be6 11. Nd4 Bc4 12. Be3 Nbd7 13. Nb3 e5 14. Na5 Ba6 15. Rd2 Bf8 {½-½ (62) Fjallheim,L (1725)-Eskildsen,H (1785) Faroe Islands 2018}) 10. h3 Nd7 11. Be3 Nb6 12. Bf1 Be6 13. Nd4 Bc4 14. Bg2 Nb4 15. Rd2 Red8 16. Rad1 $1 Nxa2 17. Nxa2 Bxa2 18. b3 c5 $1 {[%cal Rc5d4]} 19. Nb5 Rxd2 20. Rxd2 c4 21. Nxa7 {[#]} Bc3 $1 22. Rd1 Rxa7 23. Bxb6 Ra6 24. Bc5 cxb3 25. cxb3 h5 26. Bxe7 (26. Rd3 $5 {[%cal Rd3c3]} Be5 27. Bxe7 $16) 26... Bxb3 (26... b5 $11 {keeps the balance.}) 27. Rd3 $16 Ra1+ (27... Rc6 $16 {might work better.}) 28. Kh2 $18 Rc1 29. e5 f5 {[#]} 30. exf6 $1 {Ba3 is the strong threat.} ({Resist} 30. Bxb7 $6 Rc2 $14) 30... Kf7 (30... Bf7 {was necessary.} 31. Rd8+ (31. Bxb7 Rc2 $16) 31... Kh7) 31. Rd7 (31. Bxb7 Be6 $16) 31... Bxf6 32. Ba3+ {[%mdl 64] Discovered Attack} ({Less strong is} 32. Rxb7 Bxe7 33. Rxb3 Rc2 $14) 32... Ke8 33. Rxb7 ({Weaker is} 33. Bxc1 Kxd7 34. Bxb7 Ke6 $16) 33... Rb1 (33... Rc3 34. Bb2 Bf7 35. Bxc3 Bxc3) 34. Be4 {[%mdl 64] Double Attack.  Weighted Error Value: White=0.04/Black=0.33} 1-0

[Event "81st ARM-ch 1st League 2021"]
[Site "Yerevan"]
[Date "2021.01.22"]
[Round "1.6"]
[White "Shahinyan, David"]
[Black "Vardanian, Haik G."]
[Result "1-0"]
[WhiteElo "2452"]
[BlackElo "2389"]
[Annotator "TA"]
[PlyCount "75"]
[EventDate "2021.01.20"]
[EventType "tourn"]
[EventCountry "ARM"]
[SourceTitle "playchess.com"]
[Source "ChessBase"]
[SourceQuality "1"]

{[%evp 15,75,2,6,-2,18,3,30,35,41,45,44,26,43,37,33,34,89,0,31,0,0,0,0,0,12,0,0,0,0,-10,17,19,20,9,48,47,126,40,240,243,233,252,241,254,265,281,282,281,279,261,400,279,433,306,1591,1558,29989,29990,29998,29960,29981,29982]} 1. e4 c5 2. Nf3 e6 3. d4 cxd4 4. Nxd4 Nf6 5. Bd3 Nc6 6. Nxc6 bxc6 7. O-O d5 8. Nd2 Be7 9. c4 {B40: Sicilian: 2...e6, Unusual lines.} a5 10. Qc2 {[#]} Bb7 $146 ({Predecessor:} 10... Qb6 11. e5 Nd7 12. Nf3 Ba6 13. Be3 Bc5 14. Bf4 h6 15. Rac1 Rb8 16. b3 Ba3 {½-½ (42) Asik,J (2312)-Ungureanu,V (2287) Chalkidiki 2007}) 11. cxd5 {White has an edge.} cxd5 12. Bb5+ Kf8 13. e5 Ng4 14. Nf3 d4 15. Qe2 Rb8 (15... Rc8 $14) 16. Ne1 (16. Bd3 $1 $16) 16... h5 17. h3 (17. Bd3 {with more complications.} a4 18. h3 Nh6 19. Qxh5 Kg8 20. Qe2) 17... Nh6 18. Bxh6 Rxh6 19. Bd3 Qb6 20. Rc1 g6 21. Rc2 Kg7 22. Nf3 Bxf3 23. Qxf3 Rhh8 24. Rfc1 {aiming for Rc7.} Rb7 25. Rc6 Qa7 (25... Qxb2 $14 26. Rb1 (26. Rc7 Rxc7 27. Rxc7 Qa3 $15) 26... Qxb1+ 27. Bxb1 Rxb1+ 28. Kh2 Rf8) 26. Qe4 (26. Ba6 $1 $16) 26... Bd8 $2 {[#] This move loses the game for Black.} ({Black should try} 26... Qb8 $1 $14) 27. Rxe6 $3 $18 {[%mdl 512]} Rb6 (27... fxe6 $2 {loses.} 28. Qxg6+ Kf8 29. Rc8 $18) (27... Rc7 28. Rxc7) 28. Rxb6 Qxb6 {[#]} 29. b3 $1 Re8 30. Rc6 Qa7 31. f4 Kf8 32. Qd5 {Hoping for f5.} Bh4 (32... Kg7 {was worth a try.} 33. Kh2 h4) 33. Kh2 {Black must now prevent g3.} Rd8 (33... a4 {is a better defense.} 34. Qc4 Bd8 35. bxa4 Qd7) 34. Qc4 Be7 $2 (34... Qb7 35. Rc7 Qd5 36. Qxd5 Rxd5) 35. Bxg6 ({Weaker is} 35. Rc7 Qb6 $18) 35... fxg6 36. Rxg6 {[%csl Gc4][%cal Rg6g8] White mates.} Ke8 37. Qg8+ Kd7 38. Qe6+ {Weighted Error Value: White=0.20/Black=0.53} 1-0

[Event "81st ARM-ch 1st League 2021"]
[Site "Yerevan"]
[Date "2021.01.22"]
[Round "1.7"]
[White "Harutyunian, Tigran K."]
[Black "Melkonyan, Arshak"]
[Result "1-0"]
[WhiteElo "2549"]
[BlackElo "2079"]
[Annotator "TA"]
[PlyCount "79"]
[EventDate "2021.01.20"]
[EventType "tourn"]
[EventCountry "ARM"]
[SourceTitle "playchess.com"]
[Source "ChessBase"]
[SourceQuality "1"]

{[%evp 9,79,9,11,2,10,0,0,0,0,0,0,0,34,26,25,29,29,16,28,22,20,0,16,0,14,0,6,0,25,12,16,29,26,26,31,24,31,31,24,0,60,50,87,82,72,33,105,111,121,126,163,163,163,163,163,141,163,141,172,143,339,343,389,382,541,529,468,122,685,168,29993,29994]} 1. Nf3 d5 2. g3 c6 3. Bg2 Bg4 4. O-O Nd7 5. h3 Bxf3 6. exf3 {A07: Réti Opening: New York and Capablanca Systems.} e6 7. d3 Bd6 8. f4 {The position is equal.} Ne7 9. Nd2 O-O {[#]} 10. Nf3 $146 ({Predecessor:} 10. Re1 a5 11. a4 b5 12. axb5 cxb5 13. d4 Qc7 14. Bf1 b4 15. Nf3 a4 16. Bd3 {1-0 (91) Zvjaginsev,V (2602)-Sharikov,A (2202) Khanty-Mansiysk 2020}) 10... e5 11. fxe5 Nxe5 12. Nxe5 Bxe5 13. c3 Qd7 14. Re1 Bd6 15. a4 Rfe8 16. a5 a6 17. Bd2 Ng6 18. Qb3 Kf8 19. Be3 Kg8 20. c4 dxc4 21. dxc4 Rad8 22. Rad1 {Threatens to win with c5.} Qc8 $1 23. h4 $36 {[%mdl 2048] White is more active.} Bc7 24. Rxd8 (24. Qc3 {seems wilder.} Rxd1 25. Rxd1 Be5 26. Qd2 Bf6 27. b3) 24... Rxd8 (24... Bxd8 $11 25. Qb4 Bf6) 25. Bb6 $14 Bxb6 26. Qxb6 Qb8 27. Qe3 Nf8 (27... Qd6 $14) 28. b4 $16 Qc7 29. Bh3 Ne6 30. Bxe6 fxe6 31. Qxe6+ $18 {[%mdl 4096] Endgame KQR-KQR} Qf7 32. Qg4 h6 33. Qe4 Rd2 34. Qe3 Rc2 {[#]} (34... Rd8 $16 {might work better.} 35. Qe4 Rd2 36. Qe8+ Qxe8 37. Rxe8+ Kf7) 35. Rd1 $1 {[%cal Rd1d8] aiming for Rd8+.} Qf5 36. Rd4 Rb2 (36... h5 $142 37. Rf4 Qg6) 37. g4 Qf6 38. h5 (38. g5 $18 Rb1+ 39. Kg2) 38... Rxb4 $2 {[%mdl 8192]} (38... Re2 $16 39. Qxe2 Qxd4 40. Qe6+ Kh7) 39. Rf4 $2 (39. Re4 {Re8+ is the strong threat.} Qd6 40. Kg2) 39... Qg5 $2 {[#]} (39... Qa1+ $18 40. Kh2 Rb1 41. Qe8+ Kh7) 40. Qe6+ {Weighted Error Value: White=0.44/Black=0.59} 1-0

[Event "81st ARM-ch 1st League 2021"]
[Site "Yerevan"]
[Date "2021.01.23"]
[Round "2.1"]
[White "Sargsyan, Anna M."]
[Black "Melkonyan, Arshak"]
[Result "1/2-1/2"]
[WhiteElo "2402"]
[BlackElo "2079"]
[Annotator "TA"]
[PlyCount "112"]
[EventDate "2021.01.20"]
[EventType "tourn"]
[EventCountry "ARM"]
[SourceTitle "playchess.com"]
[Source "ChessBase"]
[SourceQuality "1"]

{[%evp 9,112,14,10,2,12,13,10,16,9,0,66,36,27,33,62,57,80,77,96,33,53,-31,-37,-43,-61,-58,-47,-13,-25,-33,-5,-23,21,9,16,0,115,118,122,122,120,130,153,148,154,156,225,219,191,118,118,118,119,124,118,119,122,85,113,113,116,116,116,116,126,108,104,113,123,122,145,145,147,127,135,131,145,129,144,129,129,145,114,51,58,0,0,0,0,0,0,0,0,0,0,0,0,0,0,0,0,0,0,0,0]} 1. e4 c6 2. d4 d5 3. e5 c5 4. dxc5 e6 5. a3 Bxc5 6. Qg4 {B12: Caro-Kann: Advance Variation.} Ne7 7. Bd3 Nbc6 8. Nf3 Ng6 9. O-O {[#]} Nce7 $146 (9... Bd7 $11) ({Predecessor:} 9... O-O 10. Qh5 Qc7 11. b4 Be7 12. Bb2 Bd7 13. Re1 Be8 14. Nc3 Qd7 15. Qh3 f6 16. exf6 Bxf6 17. Rxe6 {½-½ (31) So,W (2770)-Carlsen,M (2862) chess24.com INT 2020}) 10. b4 Bb6 11. Nc3 Bc7 12. Re1 Bd7 13. h4 {aiming for h5.} Qb8 {[%cal Rg6e5]} 14. Qh5 (14. Qg3 $16) 14... a6 $14 15. b5 (15. Bd2 $14) 15... Ba5 $1 $15 {[%cal Ra5c3]} 16. Bd2 Qc7 17. b6 Qxb6 18. Rab1 Qc7 19. Rb3 h6 20. Qg4 Rg8 (20... h5 $5 {[%cal Rh5g4]} 21. Qg5 Rh6 $11) 21. h5 Nf8 22. Reb1 $36 {[%mdl 2048] White has the initiative.} b5 (22... Bc6 $11 {remains equal.}) 23. a4 $1 $16 {[%cal Ra4b5]} b4 24. Na2 Bxa4 25. R3b2 Nd7 26. Nxb4 Bb5 ({Don't go for} 26... Nxe5 $2 27. Nxe5 Qxe5 28. Nxa6 $18) 27. Bh7 Nxe5 (27... Qc4 $16 28. Qxc4 Bxc4) 28. Nxe5 $18 Qxe5 {[#]} 29. Bxg8 (29. Nxa6 $1 $18 {[%mdl 512]} Rxa6 (29... f5 30. Qh4) 30. Rxb5 Bxd2 31. Rb8+ Kd7 32. Bxg8 Nxg8 33. Rxg8) 29... Nxg8 $16 {[#]} 30. Nxa6 {[%mdl 512]} Bxd2 31. Rxb5 {Qa4 is the strong threat.} Rxa6 32. Rb8+ Ke7 {And now ...Nf6 would win.} 33. Qd1 Bc3 34. Rxg8 Ra1 35. Rxa1 Bxa1 {[%mdl 4096] Endgame KQR-KQB} 36. Ra8 Bd4 37. Ra4 Bc5 38. Ra5 Bd4 39. Ra3 f5 40. Ra4 Bc5 41. Ra6 Kf7 42. Rc6 Qc3 {Hoping for ...Bxf2+!} 43. Kh1 {Threatens to win with Qe2.} Qc4 44. Qe1 e5 45. Rc7+ ({But not} 45. Qxe5 $6 Qh4+ 46. Qh2 Qxf2 $11) 45... Kf6 46. f4 ({White should try} 46. f3 $16) 46... exf4 $14 47. Rc6+ (47. Qa1+ $1 $14 Qd4 48. Qxd4+ Bxd4 49. Rc6+ Ke7 50. Rc7+ Ke6 51. Rb7) 47... Kg5 $11 {The position is equal.} 48. Rg6+ Kxh5 49. Rxg7 {Intending Qd1+ and mate.} Qxc2 50. Qe8+ Kh4 51. Qd8+ (51. Kh2 {looks sharper.} Qd1 52. Qd8+ Kh5 53. Qe8+ Kh4) 51... Kh5 52. Kh2 {White wants to mate with Qf6.} (52. Qxd5 Qc1+ 53. Qd1+ Qxd1+ 54. Kh2 Qg1+ 55. Kh3 Qh1#) 52... Qd1 (52... Qf2 $5 53. Qe8+ $8 Kh4 54. Qd8+ {[%mdl 64] Double Attack} Kh5 55. Qe8+ Kh4 56. Qd8+ {[%mdl 64] Double Attack} Kh5 $11) 53. Qe8+ (53. Qf6 $2 Qg1+ 54. Kh3 Qh1#) 53... Kh4 {[%csl Gc5][%cal Rd1g1]} 54. Qd8+ Kh5 {( -> ...Qg1+)} 55. Qe8+ (55. Qf6 $2 {leads to mate.} Qg1+ 56. Kh3 Qh1#) 55... Kh4 {[%csl Gc5][%cal Rd1g1]} 56. Qd8+ Kh5 {White really could win this.  Weighted Error Value: White=0.11/Black=0.14} 1/2-1/2